| 000 | 01037nam a22002895i 4500 | ||
|---|---|---|---|
| 003 | EG-ScBUE | ||
| 005 | 20221219102907.0 | ||
| 008 | 150708t2014 gw a f b 000 0 eng d | ||
| 020 | _a9783659516283 | ||
| 040 |
_aEG-ScBUE _beng _erda _cEG-ScBUE _dEG-ScBUE |
||
| 082 | 0 | 4 |
_a729.28 _bSHE _222 |
| 100 | 1 |
_aShen, Hui, _eauthor. _939160 |
|
| 245 | 1 | 0 |
_aDaylighting and energy modeling : _bdaylighting and energy analysis of perimeter spaces with dynamic shading / _cHui Shen. |
| 264 | 1 |
_aSaarbrücken : _bLap Lambert Academic Publishing, _c[2014] |
|
| 264 | 4 | _cc2014 | |
| 300 |
_axxvi, 303 pages : _billustrations ; _c23 cm |
||
| 336 |
_2rdacontent _atext _btxt |
||
| 337 |
_2rdamedia _aunmediated _bn |
||
| 338 |
_2rdacarrier _avolume _bnc |
||
| 504 | _aIncludes bibliographical references. | ||
| 650 | 7 |
_aDaylighting. _2BUEsh _939163 |
|
| 650 | 7 |
_aArchitectural design _xHealth aspects. _2BUEsh |
|
| 650 | 7 |
_aLight _xPhysiological effect. _2BUEsh |
|
| 653 |
_bENGGEN _cJuly2015 _cJanuary2016 |
||
| 655 | _vReading book | ||
| 942 |
_2ddc _cBB |
||
| 999 |
_c20302 _d20274 |
||